[Event "Regionalliga Sued-West 1819"]
[Site "Bayern"]
[Date "2018.12.16"]
[Round "4.5"]
[White "Tudosa, Daniel"]
[Black "Watzenberger, Stefan"]
[Result "0-1"]
[WhiteElo "1993"]
[BlackElo "2108"]
[PlyCount "96"]
[EventDate "2018.10.21"]
[EventType "team-tourn"]
[EventRounds "9"]
[EventCountry "GER"]
[SourceTitle "EXT 2022"]
[Source "ChessBase"]
[SourceDate "2021.10.06"]
[SourceVersion "1"]
[SourceVersionDate "2021.10.06"]
[SourceQuality "1"]
[WhiteTeam "Tuerkheim/Bad Woerishofen"]
[BlackTeam "Sendling SC"]
[WhiteTeamCountry "GER"]
[BlackTeamCountry "GER"]

1. d4 d5 2. Nf3 Nf6 3. g3 c6 4. Bg2 Bg4 5. 0-0 e6 6. c4 Bd6 7. b3 Nbd7 8. Ba3 Qe7 9. Bxd6 Qxd6 10. Nc3 0-0 11. Re1 Rad8 12. Qd2 Rfe8 13. Qf4 Qb4 14. Rec1 Bxf3 15. Bxf3 e5 16. dxe5 Nxe5 17. a3 Qxb3 18. Rab1 Qxa3 19. cxd5 Nxf3+ 20. exf3 cxd5 21. Nb5 Qa2 22. Nd4 Rc8 23. Rd1 Qa4 24. Ra1 Qb4 25. Rxa7 h6 26. Raa1 Rc4 27. Rab1 Qa4 28. Qd2 Rxd4 29. Qxd4 Re1+ 30. Rxe1 Qxd4 31. Rxb7 Qc3 32. Ree7 Qxf3 33. Rxf7 Qd1+ 34. Kg2 Qg4 35. f3 Qg6 36. Rfc7 h5 37. Rb4 Kh7 38. h4 Qd3 39. Rf4 Qe2+ 40. Kh3 Qf1+ 41. Kh2 Qf2+ 42. Kh3 Qg1 43. g4 hxg4+ 44. fxg4 Qh1+ 45. Kg3 Ne4+ 46. Rxe4 Qxe4 47. Rd7 Qe3+ 48. Kg2 d4 0-1

[Event "Regionalliga Sued-West 1718"]
[Site "Bayern"]
[Date "2018.02.25"]
[Round "7.5"]
[White "Tudosa, Daniel"]
[Black "Weichelt, Jens"]
[Result "1-0"]
[WhiteElo "2007"]
[BlackElo "1980"]
[PlyCount "59"]
[EventDate "2017.10.22"]
[EventType "team-tourn"]
[EventRounds "9"]
[EventCountry "GER"]
[SourceTitle "EXT 2022"]
[Source "ChessBase"]
[SourceDate "2021.10.06"]
[SourceVersion "1"]
[SourceVersionDate "2021.10.06"]
[SourceQuality "1"]
[WhiteTeam "Tuerkheim/Bad Woerishofen"]
[BlackTeam "Augsburg SK Rochade"]
[WhiteTeamCountry "GER"]
[BlackTeamCountry "GER"]

1. d4 d5 2. Nf3 Nf6 3. g3 e6 4. Bg2 Be7 5. 0-0 0-0 6. c4 b6 7. Nc3 Bb7 8. Ne5 c6 9. e4 Qc8 10. Bg5 dxc4 11. Nxc4 Qd8 12. Re1 Ne8 13. Bxe7 Qxe7 14. d5 Qc5 15. dxe6 fxe6 16. Ne3 Nf6 17. Qb3 Re8 18. Rac1 Qf8 19. e5 Nd5 20. Ne4 Qe7 21. Nd6 Rf8 22. a3 Na6 23. Qc4 Rab8 24. Nxb7 Qxb7 25. Qxc6 Qxc6 26. Rxc6 Nxe3 27. Rxe3 Rfe8 28. Bh3 Re7 29. Bxe6+ Kf8 30. b4 1-0

[Event "Regionalliga Sued-West 1718"]
[Site "Bayern"]
[Date "2017.10.22"]
[Round "1.5"]
[White "Kraemer, Stefan"]
[Black "Tudosa, Daniel"]
[Result "1-0"]
[WhiteElo "2060"]
[BlackElo "2007"]
[PlyCount "75"]
[EventDate "2017.10.22"]
[EventType "team-tourn"]
[EventRounds "9"]
[EventCountry "GER"]
[SourceTitle "EXT 2022"]
[Source "ChessBase"]
[SourceDate "2021.10.06"]
[SourceVersion "1"]
[SourceVersionDate "2021.10.06"]
[SourceQuality "1"]
[WhiteTeam "Altstadt Roter Turm"]
[BlackTeam "Tuerkheim/Bad Woerishofen"]
[WhiteTeamCountry "GER"]
[BlackTeamCountry "GER"]

1. e4 c6 2. d4 d5 3. e5 Bf5 4. Nf3 e6 5. Be2 Nd7 6. 0-0 c5 7. Nbd2 Ne7 8. c4 Nc6 9. cxd5 exd5 10. Re1 Nb4 11. Nf1 Nc2 12. Bg5 Qb6 13. Nh4 Nxe1 14. Nxf5 Qg6 15. N1g3 Qxg5 16. Qxe1 g6 17. Ne3 cxd4 18. Nxd5 Qxe5 19. Qa5 b6 20. Qb5 Rc8 21. f4 Qd6 22. Ne4 Qe6 23. Bc4 Kd8 24. Ng5 Qf5 25. Bd3 Rc5 26. Qxc5 Nxc5 27. Bxf5 gxf5 28. Nxf7+ Kd7 29. Nxh8 Kd6 30. Nb4 a5 31. Nc2 Bg7 32. Nf7+ Kd5 33. Ne5 d3 34. Rd1 Ke4 35. Re1+ Kxf4 36. g3+ Kg5 37. Nd4 Ne4 38. Ndf3+ 1-0

[Event "Regionalliga SW 1516"]
[Site "Bayern"]
[Date "2016.04.10"]
[Round "9.5"]
[White "Tudosa, Daniel"]
[Black "Tebelmann, Lars"]
[Result "1/2-1/2"]
[WhiteElo "1944"]
[BlackElo "1995"]
[PlyCount "23"]
[EventDate "2015.10.11"]
[EventType "team-tourn"]
[EventRounds "9"]
[EventCountry "GER"]
[SourceTitle "EXT 2018"]
[Source "ChessBase"]
[SourceDate "2017.10.13"]
[SourceVersion "1"]
[SourceVersionDate "2017.10.13"]
[SourceQuality "1"]
[WhiteTeam "Tuerkheim/Bad Woerishofen"]
[BlackTeam "MSA Zugzwang II"]
[WhiteTeamCountry "GER"]
[BlackTeamCountry "GER"]

1. d4 d5 2. Nf3 Nc6 3. Bf4 Bg4 4. e3 e6 5. c3 Bd6 6. Nbd2 Nf6 7. Bd3 0-0 8. Qc2 Bxf4 9. exf4 Ne7 10. h3 Bf5 11. 0-0 Qd6 12. Ne5 1/2-1/2

[Event "Regionalliga SW 1516"]
[Site "Bayern"]
[Date "2015.10.11"]
[Round "1.4"]
[White "Tudosa, Daniel"]
[Black "Ludwig, Sebastian"]
[Result "1/2-1/2"]
[WhiteElo "1944"]
[BlackElo "2065"]
[PlyCount "97"]
[EventDate "2015.10.11"]
[EventType "team-tourn"]
[EventRounds "9"]
[EventCountry "GER"]
[SourceTitle "EXT 2018"]
[Source "ChessBase"]
[SourceDate "2017.10.13"]
[SourceVersion "1"]
[SourceVersionDate "2017.10.13"]
[SourceQuality "1"]
[WhiteTeam "Tuerkheim/Bad Woerishofen"]
[BlackTeam "Garching III"]
[WhiteTeamCountry "GER"]
[BlackTeamCountry "GER"]

1. d4 d5 2. Nf3 Nf6 3. g3 Bf5 4. Bg2 e6 5. 0-0 h6 6. c4 c6 7. Qb3 Qb6 8. Nbd2 Nbd7 9. c5 Qxb3 10. axb3 Be7 11. b4 0-0 12. Nb3 b6 13. Bf4 g5 14. Bd6 Bxd6 15. cxd6 Bg4 16. Rfc1 Bxf3 17. Bxf3 Rfc8 18. Rc2 Ne8 19. Rac1 Nxd6 20. Rxc6 Rxc6 21. Rxc6 Ne8 22. e4 dxe4 23. Bxe4 Rd8 24. Rc1 Kf8 25. Ra1 Nd6 26. Bf3 Nc4 27. Rxa7 Nxb2 28. Be2 b5 29. Bxb5 Nb6 30. Rb7 Nd5 31. Bc6 Nc4 32. b5 Nb4 33. Bf3 Nd6 34. Ra7 Nxb5 35. Rb7 Nxd4 36. Nxd4 Rxd4 37. Bh5 f5 38. Rf7+ Kg8 39. Rf6 Re4 40. Rxh6 g4 41. h3 gxh3 42. Kh2 Nd3 43. f3 Re1 44. Kxh3 Kg7 45. Rg6+ Kh7 46. Kh4 f4 47. Rg4 Kh6 48. Rg6+ Kh7 49. Rg4 1/2-1/2

[Event "Regionalliga SW 1213"]
[Site "Bayern"]
[Date "2013.02.03"]
[Round "6.4"]
[White "Pitschka, Claus"]
[Black "Tudosa, Daniel"]
[Result "1/2-1/2"]
[WhiteElo "2195"]
[BlackElo "1968"]
[PlyCount "78"]
[EventDate "2012.10.14"]
[EventType "team-tourn"]
[EventRounds "9"]
[EventCountry "GER"]
[SourceTitle "EXT 2015"]
[Source "ChessBase"]
[SourceDate "2014.11.20"]
[SourceVersion "1"]
[SourceVersionDate "2014.11.20"]
[SourceQuality "1"]
[WhiteTeam "Garching II"]
[BlackTeam "Tuerkheim/Bad Woerishofen"]
[WhiteTeamCountry "GER"]
[BlackTeamCountry "GER"]

1. e4 d6 2. d4 c6 3. f4 d5 4. e5 h5 5. c4 g6 6. Nc3 e6 7. Nf3 Nh6 8. Be3 Nd7 9. a3 Be7 10. b4 Nf5 11. Bf2 dxc4 12. Bxc4 Nb6 13. Bb3 Nd5 14. Qd2 Bd7 15. Nxd5 cxd5 16. 0-0 Qb6 17. Rfc1 0-0 18. Bc2 Rfc8 19. Bxf5 exf5 20. Bh4 Bxh4 21. Nxh4 Rxc1+ 22. Rxc1 Qa6 23. Rc3 Rc8 24. Rxc8+ Bxc8 25. Qc3 Be6 26. Nf3 Qe2 27. h3 Qe4 28. Qd2 Bd7 29. Kf2 Bb5 30. Ng5 Qb1 31. h4 Qa1 32. Qe3 Qf1+ 33. Kg3 Qd3 34. Qxd3 Bxd3 35. Kf2 Kf8 36. Ke3 Bb5 37. Nf3 Ke7 38. Nd2 b6 39. Nb1 Kd7 1/2-1/2

[Event "Regionalliga SW 1213"]
[Site "Bayern"]
[Date "2013.01.13"]
[Round "5.4"]
[White "Tudosa, Daniel"]
[Black "Fauth, Dietmar"]
[Result "1/2-1/2"]
[WhiteElo "1968"]
[BlackElo "2144"]
[PlyCount "52"]
[EventDate "2012.10.14"]
[EventType "team-tourn"]
[EventRounds "9"]
[EventCountry "GER"]
[SourceTitle "EXT 2015"]
[Source "ChessBase"]
[SourceDate "2014.11.20"]
[SourceVersion "1"]
[SourceVersionDate "2014.11.20"]
[SourceQuality "1"]
[WhiteTeam "Tuerkheim/Bad Woerishofen"]
[BlackTeam "Muenchen Siemens"]
[WhiteTeamCountry "GER"]
[BlackTeamCountry "GER"]

1. d4 d5 2. Bf4 Nf6 3. e3 Bf5 4. c4 c6 5. Qb3 Qb6 6. c5 Qxb3 7. axb3 Bxb1 8. Rxb1 Nbd7 9. Nf3 Nh5 10. b4 Nxf4 11. exf4 a6 12. Ra1 Rc8 13. Bd3 g6 14. h4 Nf6 15. Kd2 Nh5 16. g3 e6 17. Rae1 Bh6 18. Kc3 0-0 19. Ng5 Bg7 20. Re3 Bf6 21. Be2 Ng7 22. Bg4 Nf5 23. Bxf5 gxf5 24. Nf3 h5 25. Kd3 Kg7 26. Ne5 Bxe5 1/2-1/2

[Event "Regionalliga SW 1112"]
[Site "Bayern"]
[Date "2012.03.18"]
[Round "8.3"]
[White "Schuetz, Guenter"]
[Black "Tudosa, Daniel"]
[Result "1-0"]
[WhiteElo "2114"]
[BlackElo "1988"]
[PlyCount "91"]
[EventDate "2011.10.02"]
[EventType "team-tourn"]
[EventRounds "9"]
[EventCountry "GER"]
[SourceTitle "EXT 2015"]
[Source "ChessBase"]
[SourceDate "2014.11.20"]
[SourceVersion "1"]
[SourceVersionDate "2014.11.20"]
[SourceQuality "1"]
[WhiteTeam "Bayern Muenchen III"]
[BlackTeam "Tuerkheim/Bad Woerishofen"]
[WhiteTeamCountry "GER"]
[BlackTeamCountry "GER"]

1. f4 d5 2. Nf3 Bf5 3. g3 e6 4. Bg2 c6 5. d3 h5 6. Nc3 Nf6 7. 0-0 Bc5+ 8. e3 h4 9. Nxh4 Rxh4 10. gxh4 Ng4 11. Qe1 Be7 12. Qe2 Bxh4 13. e4 dxe4 14. dxe4 Qd4+ 15. Kh1 Nf2+ 16. Rxf2 Qxf2 17. exf5 Qxe2 18. Nxe2 exf5 19. Ng3 g6 20. Bd2 Bf6 21. Re1+ Kd8 22. Ba5+ Kd7 23. Bf1 b6 24. Bc3 Bxc3 25. bxc3 b5 26. c4 a6 27. Ne2 Ra7 28. Nd4 Kd8 29. Bg2 Rc7 30. Kg1 b4 31. Kf2 c5 32. Nb3 Nd7 33. Na5 Nf6 34. Nc6+ Kc8 35. Ne7+ Kd8 36. Nd5 Ng4+ 37. Kg3 Rd7 38. h3 Nh6 39. Bf3 Ng8 40. h4 Rd6 41. h5 Kd7 42. Rh1 Nh6 43. Kf2 Kd8 44. hxg6 Rxg6 45. Ne3 Ke7 46. Rxh6 1-0

[Event "Regionalliga SW 1112"]
[Site "Bayern"]
[Date "2012.02.05"]
[Round "6.4"]
[White "Amelang, Thomas"]
[Black "Tudosa, Daniel"]
[Result "1/2-1/2"]
[WhiteElo "2050"]
[BlackElo "1988"]
[PlyCount "37"]
[EventDate "2011.10.02"]
[EventType "team-tourn"]
[EventRounds "9"]
[EventCountry "GER"]
[SourceTitle "EXT 2013"]
[Source "ChessBase"]
[SourceDate "2012.11.22"]
[SourceVersion "1"]
[SourceVersionDate "2012.11.22"]
[SourceQuality "1"]
[WhiteTeam "Muenchen Siemens"]
[BlackTeam "Tuerkheim/Bad Woerishofen"]
[WhiteTeamCountry "GER"]
[BlackTeamCountry "GER"]

1. e4 c5 2. Nc3 Nc6 3. d3 g6 4. Be3 d6 5. Qd2 Bg7 6. g3 e6 7. Bg2 Rb8 8. f4 Nge7 9. g4 h5 10. h3 hxg4 11. hxg4 Rxh1 12. Bxh1 b5 13. Nd1 Qa5 14. Qxa5 Nxa5 15. Rb1 Nac6 16. Nf3 b4 17. Kd2 Rb5 18. c3 Ra5 19. Ra1 1/2-1/2

[Event "Regionalliga SW 0809"]
[Site "Bayern"]
[Date "2009.01.18"]
[Round "5.4"]
[White "Tudosa, Daniel"]
[Black "Steffen, Kevin"]
[Result "1-0"]
[WhiteElo "2027"]
[BlackElo "1990"]
[PlyCount "87"]
[EventDate "2008.10.05"]
[EventType "team-tourn"]
[EventRounds "9"]
[EventCountry "GER"]
[SourceTitle "EXT 2020"]
[Source "ChessBase"]
[SourceDate "2019.10.17"]
[SourceVersion "1"]
[SourceVersionDate "2019.10.17"]
[SourceQuality "1"]
[WhiteTeam "Tuerkheim"]
[BlackTeam "Klosterlechfeld"]
[WhiteTeamCountry "GER"]
[BlackTeamCountry "GER"]

1. d4 Nf6 2. Nf3 b6 3. g3 Bb7 4. Bg2 e6 5. 0-0 Be7 6. c4 0-0 7. Nc3 c5 8. d5 exd5 9. cxd5 d6 10. e4 Nbd7 11. h3 b5 12. e5 Nxe5 13. Nxe5 dxe5 14. d6 Bxg2 15. dxe7 Qxe7 16. Kxg2 b4 17. Nb1 c4 18. Qe2 Rac8 19. a3 a5 20. axb4 axb4 21. Ra5 Rfe8 22. Re1 Qb7+ 23. Kg1 e4 24. Be3 c3 25. bxc3 bxc3 26. Rc1 c2 27. Na3 Qd7 28. Kg2 Qd3 29. Rxc2 Qd6 30. Rac5 Rxc5 31. Rxc5 h5 32. Nb5 Qd7 33. Rc7 Qe6 34. Qc4 Nd5 35. Nd4 Qe5 36. Rc8 Nxe3+ 37. fxe3 h4 38. Rxe8+ Qxe8 39. gxh4 Qd8 40. Qc6 Qxh4 41. Qe8+ Kh7 42. Qxf7 Qg5+ 43. Kf2 Qh4+ 44. Ke2 1-0

[Event "Regionalliga SW 0708"]
[Site "Bayern"]
[Date "2008.02.17"]
[Round "6.4"]
[White "Steffen, Kevin"]
[Black "Tudosa, Daniel"]
[Result "0-1"]
[WhiteElo "1988"]
[BlackElo "2014"]
[PlyCount "110"]
[EventDate "2007.10.21"]
[EventType "team-tourn"]
[EventRounds "9"]
[EventCountry "GER"]
[SourceTitle "EXT 2009"]
[Source "ChessBase"]
[SourceDate "2008.11.26"]
[SourceVersion "1"]
[SourceVersionDate "2008.11.26"]
[SourceQuality "1"]
[WhiteTeam "Klosterlechfeld"]
[BlackTeam "Tuerkheim"]
[WhiteTeamCountry "GER"]
[BlackTeamCountry "GER"]

1. d4 Nf6 2. Bg5 c5 3. Nf3 cxd4 4. Nxd4 Ne4 5. Bh4 Qb6 6. Nb3 e6 7. N1d2 d5 8. Nxe4 Qb4+ 9. Nbd2 dxe4 10. e3 Nc6 11. Rb1 f5 12. c3 Qc5 13. Qh5+ g6 14. Qg5 Be7 15. Qh6 Bxh4 16. Qxh4 Qe7 17. Qg3 0-0 18. h4 Qf6 19. h5 g5 20. h6 Ne5 21. Rh5 Nf7 22. Rd1 Qg6 23. Qh2 Rd8 24. Nc4 Rxd1+ 25. Kxd1 e5 26. Be2 f4 27. Kc1 Be6 28. b3 Rc8 29. Kb2 b5 30. Nd2 Rd8 31. Kc1 a6 32. f3 exf3 33. Nxf3 Bg4 34. Rxg5 Nxg5 35. Nxe5 Qd6 36. Qxf4 Qd2+ 37. Kb1 Qe1+ 38. Kb2 Rd2+ 39. Ka3 Qc1+ 40. Kb4 a5+ 41. Kxa5 Qxc3+ 42. Kxb5 Bxe2+ 43. Nc4 Bxc4+ 44. bxc4 Rxg2 45. Qb8+ Kf7 46. Qb7+ Kg6 47. Qxg2 Qxe3 48. c5 Kxh6 49. a4 Ne6 50. Qh2+ Kg6 51. Qc2+ Kg7 52. Kb6 h5 53. a5 Qe5 54. a6 Qc7+ 55. Kb5 Nd4+ 0-1